Riconosci la Squadra di calcio - Quiz n°25 - Statistics

Statistiche generali
  • Questo quiz è stato fatto 72 volte
  • Il punteggio medio è 10 su 11
Statistiche sulle risposte
Indizio Risposta % Corretto
Colori sociali Bianco, rosso
100%
Titoli nazionali 2 campionati di Serie B 1 campionato di Serie C 1 scudetto di IV Serie
92%
Trofei nazionali 0
91%
Simboli Gallo
91%
Divisione nazionale 2023-2024 Seconda
91%
Trofei internazionali 1 Coppe Mitropa
87%
Fondazione 1908
85%
Rifondazione 1924
85%
Confederazione UEFA
85%
Capienza Stadio 58 270 posti
83%
Squadra Bari
75%
Nessun quiz corrispondente trovato
Distribuzione punteggi
Percentuale di utenti per punteggio
Percentile per numero di risposta
I tuoi punteggi nel tempo
Non hai fatto questo quiz